Представление документа в формате RUSMARC

ПолеНазваниеЗначение
  Тип записи a
  Библиографический уровень a
001 Контрольный номер RU/CBS_UL/BASE/e937d5ac0eb3466d812c981306048672
005 Дата корректировки 20260426155646.8
100 Данные общей обработки __
a Данные общей обработки 20260426 ||| 0rusy0189 ca
101 Язык документа 0_
a Язык текста rus
102 Страна публикации __
a Страна публикации RU
200 Заглавие и сведения об ответственности 1_
a Заглавие Гагаринское поле
e Сведения, относящиеся к заглавию [место приземления Ю. А. Гагарина после полёта в космос]
f Первые сведения об ответственности В. Строгов
300 Общие примечания __
a Общие примечания 16+
461 Уровень набора _0
1 2000
a Наша история
463 Уровень физической единицы _0
1 2000
a № 4
v С. 16-17 : фото
1 2101
d 2026
1 001RU/CBS_UL/BASE/82dba85a71a24088bb382b50d965f832
600 Персоналии _1
a Персоналии (Фамилия) Гагарин
b Персоналии (Имя, инициалы) Ю. А.
606 Тематические рубрики 0_
a Основная рубрика Гагарин, Юрий Алексеевич (1934-1968)
y Географическая подрубрика Саратовская область
610 Ключевые слова 0_
a Ключевые слова полёты в космос
610 Ключевые слова 0_
a Ключевые слова первый космический полёт
610 Ключевые слова 0_
a Ключевые слова первый космонавт
610 Ключевые слова 0_
a Ключевые слова приземление Ю. А. Гагарина
686 Индексы других классификаций __
2 Код системы rubbk
a Классификационный индекс 39.6г
700 Автор _1
a Фамилия Строгов
b Имя (инициалы) В.
801 Источник записи _0
a Страна RU
b Организация МБУК ЦБС г. Ульяновска
c Дата составления 20260426
g Правила каталогизации RCR
801 Источник записи _1
a Страна RU
b Организация МБУК ЦБС г. Ульяновска
c Дата составления 20260426
g Правила каталогизации RCR
901 Тип документа __
t Тип документа b
w Контрольный № источника RU/CBS_UL/BASE/82dba85a71a24088bb382b50d965f832
909 Создатель записи __
a Создатель записи lib2